000 00886nas a2200289 4500
001 BR0302285
003 BR-BrBNA
005 20231205103749.0
007 ta
008 230509b bl.|||p| |||| 00| 00por d
040 _aBR-BrBNA
_bpor
_cBiblioteca Nacional de Agricultura
041 _a(Pt)
072 _aP33
100 1 _aPatt, C.A.
100 1 _aMaria, J.C. de
245 1 _aComparação de métodos de campo para determinação da velocidade de infiltração básica
650 _aSOLO
650 _aPERMEABILIDADE
650 _aINFILTRÔMETRO
650 _aPROPRIEDADE FÍSICO-QUÍMICA
650 _aMEDIÇÃO
650 _aVELOCIDADE
650 _aMODELO MATEMÁTICO
773 0 _tRevista Brasileira de Ciência do Solo (Brazil)
_xISSN 0100-0683
_g(Jan-Feb 2003), v. 27(1) p. 19-27
_wBR0302285
909 _a202311
_bLúcia
_c55
_dLúcia Elande
942 _2AGRIS
_n0
_cANA
999 _c174602
_d174602